Catálogo
 En Linea

Historia del gusto / (Registro nro. 25426)

Detalles MARC
000 -CABECERA
campo de control de longitud fija 00762nam a2200229 a 4500
001 - NÚMERO DE CONTROL
campo de control 000025934
005 - FECHA Y HORA DE LA ÚLTIMA TRANSACCIÓN
campo de control 20200930024150.0
008 - DATOS DE LONGITUD FIJA--INFORMACIÓN GENERAL
campo de control de longitud fija 110224s1972 sp r 000 0 spa d
040 ## - FUENTE DE LA CATALOGACIÓN
Centro catalogador/agencia de origen DO-SdBNP
Lengua de catalogación spa
Centro/agencia transcriptor BNPHU
041 17 - CÓDIGO DE LENGUA
Código de lengua del texto/banda sonora o título independiente spa
Código de lengua original ita
Fuente del código Código de idiomas MARC
082 ## - NÚMERO DE LA CLASIFICACIÓN DECIMAL DEWEY
Número de clasificación nn*
Número de documento/Ítem nn*
049 ## - FONDOS LOCALES (OCLC)
Fondos de biblioteca BNGR
100 1# - ENTRADA PRINCIPAL--NOMBRE DE PERSONA
Nombre de persona Della Volpe, Galvano.
9 (RLIN) 52792
240 10 - TÍTULO UNIFORME
Título uniforme Storia del gusto.
Lenguaje de la obra Español
245 10 - MENCIÓN DE TÍTULO
Título Historia del gusto /
Mención de responsabilidad, etc. Galvano Della Volpe ; traducción de F. Fernández Buey.
260 ## - PUBLICACIÓN, DISTRIBUCIÓN, ETC.
Lugar de publicación, distribución, etc. Madrid :
Nombre del editor, distribuidor, etc. Alberto Corazón,
Fecha de publicación, distribución, etc. 1972.
300 ## - DESCRIPCIÓN FÍSICA
Extensión 154 p. ;
Dimensiones 21 cm.
490 1# - MENCIÓN DE SERIE
Mención de serie Comunicación Serie B.
Designación de volumen o secuencia 16
534 ## - NOTA SOBRE LA VERSIÓN ORIGINAL
Encabezamiento principal del original De la edición original :
Mención de título del original Storia del gusto
700 1# - PUNTO DE ACCESO ADICIONAL--NOMBRE DE PERSONA
Nombre de persona Fernández Buey, F.,
Término indicativo de función/relación tr.
9 (RLIN) 52793
830 #0 - PUNTO DE ACCESO ADICIONAL DE SERIE-TÍTULO UNIFORME
Título uniforme Comunicación Serie B.
Designación de volumen o secuencia 16
9 (RLIN) 52794
Existencias
Estado de retiro Estado de pérdida Restricciones de uso No para préstamo Código de colección Localización permanente Ubicación/localización actual Ubicación en estantería Fecha de adquisición Número de inventario Total de préstamos Signatura topográfica completa Código de barras Fecha visto por última vez Precio válido a partir de Tipo de ítem Koha
        Monografías: Libros y Folletos General General En catalogación 24.02.2011 LF1   nn* nn* 25934-10 25.06.2020 25.06.2020 Préstamo en sala

Con tecnología Koha